Sinh học 11

में बचाया:
ग्रंथसूची विवरण
मुख्य लेखक: Nguyễn, Thành Đạt
अन्य लेखक: Lê, Đình Tuấn
स्वरूप: पुस्तक
भाषा:Undetermined
प्रकाशित: H. Giáo dục Việt Nam 2010
विषय:
ऑनलाइन पहुंच:http://lrc.tdmu.edu.vn/opac/search/detail.asp?aID=2&ID=6537
टैग : टैग जोड़ें
कोई टैग नहीं, इस रिकॉर्ड को टैग करने वाले पहले व्यक्ति बनें!
Thư viện lưu trữ: Trung tâm Học liệu Trường Đại học Thủ Dầu Một
LEADER 00618nam a2200205Ia 4500
001 TDMU_6537
008 210410s9999 xx 000 0 und d
082 |a 570.71 
090 |b NG527 
100 |a Nguyễn, Thành Đạt 
245 0 |a Sinh học 11 
245 0 |c Nguyễn Thành Đạt 
260 |a H. 
260 |b Giáo dục Việt Nam 
260 |c 2010 
300 |a 188tr. 
650 |a Sách lớp 11; Sinh học 
700 |a Lê, Đình Tuấn 
856 |u http://lrc.tdmu.edu.vn/opac/search/detail.asp?aID=2&ID=6537 
980 |a Trung tâm Học liệu Trường Đại học Thủ Dầu Một